The Book of Boba Fett (2021-2022 Series) Characters!! - Statistics

General Stats
  • This quiz has been taken 38 times
  • The average score is 6 of 15
Answer Stats
Hint Answer % Correct
Temeura Morrison Boba Fett
100%
The Child Grogu
85%
Pedro Pascal The Mandalorian/ Din Djarin
85%
Ming-Na Wen Fennec Shand
81%
Rosario Dawson Ahsoka Tano
74%
Mark Hamill Luke Skywalker
74%
Corey Burton Cad Bane
37%
Timothy Olyphant Cobb Vanth
22%
Jennifer Beals Garsa Fwip
15%
Sophie Thatcher Drash
11%
Robert Rodriguez Mok Shaiz/ Dokk Strassi
11%
Jon Favreau Paz Vizla
11%
Christine Galey R2-D2
7%
Jordan Bolger Skad
7%
Amy Sedaris Peil Motto
4%
No matching quizzes found
Score Distribution
Percent of People with Each Score
Percentile by Number Answered
Your Score History
You have not taken this quiz